000 00698cab a2200241 4500
001 WB3325-51
008 090401t1997 xxu||||| |||| 00| 0 eng d
035 _a(Sirsi) u79255
041 _aeng
245 _aStamp duty
260 _c1997
350 _a0
490 _aFinancial Times
_v26 June 1997, 8(1)
520 _aThe pressure group, Stamp Duty Concern, has warned that house prices and commercial property values will fall by 4.9% for every 1% rise in duty.
650 _aPROPERTY-COMMERCIAL PROPERTY
650 _aHOUSE PRICES
650 _aPROPERTY VALUES
650 _aSTAMP DUTY CONCERN
650 _aSTAMP DUTY
690 _aTAXATION
942 _n0
948 _c26/06/1997
999 _c49826
_d49826